| 000 | 00805nam a2200217 a 4500 | ||
|---|---|---|---|
| 001 | 000030506 | ||
| 005 | 20210616135554.0 | ||
| 008 | 110523s2011 dr r 000 0cspa d | ||
| 020 | _a9789945164060 | ||
| 040 |
_aDO-SdBNP _bspa _cBNPHU |
||
| 082 |
_a796.83 _bN714m |
||
| 100 | 1 |
_aNina Gómez, Carlos _96492 |
|
| 245 | 1 | 3 |
_aLa maravillosa historia del boxeo mundial : _blos 50 años más grandes combates / _cCarlos Nina Gómez ; prólogo José Oscar Fernández. |
| 260 |
_aSanto Domingo : _bBúho, _c2011. |
||
| 300 |
_a561 p. : _bil. , retrs. ; _c23 cm. |
||
| 500 | _aIncluye datos biográficos del autor en las solapas | ||
| 590 | _aInventariado, 2018/BT | ||
| 650 | 4 |
_aBoxeadores _xBiografías _920946 |
|
| 700 | 1 | 2 |
_aOscar Fernández, José _epról. _957128 |
| 910 | _aValidado. Control de calidad. MFF | ||
| 999 |
_c29998 _d29998 |
||